[Event "Titled Tuesday intern op 16th Apr Late"]
[Site "Chess.com INT"]
[Date "2024.04.16"]
[Round "6"]
[White "Melamed, Daniel"]
[Black "Tang, Benjamin"]
[Result "0-1"]
[WhiteElo "2041"]
[BlackElo "2291"]
[PlyCount "88"]
[EventDate "2024.04.16"]
[EventType "swiss (blitz)"]
[EventRounds "11"]
[EventCountry "USA"]
[SourceTitle "CB17_2024"]
[SourceDate "2024.04.24"]
[SourceVersion "1"]
[SourceVersionDate "2024.04.24"]
[SourceQuality "1"]

1. d4 Nf6 2. Bg5 c5 3. d5 d6 4. Nc3 h6 5. Bxf6 exf6 6. e4 g6 7. Bd3 Bg7 8. Nf3 Nd7 9. 0-0 Ne5 10. Nxe5 fxe5 11. Kh1 0-0 12. a4 f5 13. a5 a6 14. Qd2 f4 15. Na4 g5 16. Nb6 Rb8 17. f3 g4 18. b4 g3 19. Nxc8 Rxc8 20. h3 Rf7 21. Rfb1 c4 22. Be2 Qd7 23. Qc3 Qb5 24. Qa3 Rfc7 25. Qa4 Qxa4 26. Rxa4 Bf8 27. c3 Rb8 28. Kg1 b5 29. axb6 Rxb6 30. Rba1 Ra7 31. Ra5 Be7 32. Bxc4 Rc7 33. Bf1 Rxc3 34. Rxa6 Rxb4 35. Ra7 Kf7 36. Rd7 Ke8 37. Raa7 Bd8 38. Rh7 Bb6+ 39. Kh1 Bxa7 40. Rxa7 Rb1 41. Kg1 Rcc1 42. Ra8+ Ke7 43. Ra7+ Kf6 44. Ra8 Rxf1# 0-1

[Event "Titled Tuesday intern op 02nd Apr Late"]
[Site "Chess.com INT"]
[Date "2024.04.02"]
[Round "2"]
[White "Melamed, Daniel"]
[Black "Stillger, Bernhard"]
[Result "0-1"]
[WhiteElo "2041"]
[BlackElo "2256"]
[PlyCount "64"]
[EventDate "2024.04.02"]
[EventType "swiss (blitz)"]
[EventRounds "11"]
[EventCountry "USA"]
[SourceTitle "CB15_2024"]
[SourceDate "2024.04.10"]
[SourceVersion "1"]
[SourceVersionDate "2024.04.10"]
[SourceQuality "1"]

1. d4 Nf6 2. Nf3 g6 3. Nc3 d5 4. Bf4 Bg7 5. e3 0-0 6. Be2 c5 7. Ne5 cxd4 8. exd4 Nc6 9. Qd2 Bf5 10. Nxc6 bxc6 11. f3 Qa5 12. g4 Be6 13. h4 h5 14. Bh6 c5 15. Bxg7 Kxg7 16. Qe3 Rab8 17. Rb1 cxd4 18. Qxd4 Rb4 19. Qe5 Kg8 20. Rg1 Qb6 21. Kf1 hxg4 22. fxg4 Rxb2 23. Rxb2 Qxb2 24. h5 Rc8 25. hxg6 Qxc3 26. gxf7+ Kxf7 27. Qg5 Rg8 28. Qh6 Rg6 29. Qh8 Bxg4 30. Bxg4 Qa1+ 31. Ke2 Qxg1 32. Bh5 Qh2+ 0-1

[Event "Titled Tuesday intern op 02nd Apr Late"]
[Site "Chess.com INT"]
[Date "2024.04.02"]
[Round "8"]
[White "Novak, Ratko"]
[Black "Melamed, Daniel"]
[Result "0-1"]
[WhiteElo "2034"]
[BlackElo "2041"]
[PlyCount "78"]
[EventDate "2024.04.02"]
[EventType "swiss (blitz)"]
[EventRounds "11"]
[EventCountry "USA"]
[SourceTitle "CB15_2024"]
[SourceDate "2024.04.10"]
[SourceVersion "1"]
[SourceVersionDate "2024.04.10"]
[SourceQuality "1"]

1. d4 Nf6 2. c4 e6 3. a3 d5 4. Nc3 b6 5. cxd5 Nxd5 6. e4 Nxc3 7. bxc3 Bb7 8. f3 c5 9. Be3 Be7 10. Bd3 0-0 11. Ne2 Nc6 12. 0-0 Rc8 13. Qa4 Na5 14. Rfd1 Bc6 15. Bb5 cxd4 16. Bxd4 Qc7 17. c4 Rfd8 18. Kh1 Bf6 19. Bxf6 gxf6 20. Nd4 Bxb5 21. Nxb5 Qxc4 22. Rxd8+ Rxd8 23. Qxc4 Nxc4 24. Nxa7 Nxa3 25. Nc6 Rd2 26. h4 Nc4 27. Re1 Kg7 28. Kh2 b5 29. Kg3 Rd6 30. Nb4 Rd2 31. Kh3 Rb2 32. Nc6 b4 33. g4 b3 34. Nd4 Nd2 35. Re3 Rb1 36. Kg2 b2 37. Re2 Rc1 38. Rxd2 b1Q 39. Ne2 Rh1 0-1

[Event "Titled Tuesday intern op 02nd Apr Late"]
[Site "Chess.com INT"]
[Date "2024.04.02"]
[Round "6"]
[White "Pesotskiy, Mikhail"]
[Black "Melamed, Daniel"]
[Result "1-0"]
[WhiteElo "2137"]
[BlackElo "2041"]
[PlyCount "51"]
[EventDate "2024.04.02"]
[EventType "swiss (blitz)"]
[EventRounds "11"]
[EventCountry "USA"]
[SourceTitle "CB15_2024"]
[SourceDate "2024.04.10"]
[SourceVersion "1"]
[SourceVersionDate "2024.04.10"]
[SourceQuality "1"]

1. d4 Nf6 2. c4 e6 3. Nc3 d5 4. cxd5 exd5 5. Bg5 Bb4 6. Qa4+ Nc6 7. Nf3 0-0 8. e3 Bf5 9. Bb5 a5 10. 0-0 h6 11. Bxf6 Qxf6 12. Nxd5 Qd6 13. Nxb4 Nxb4 14. Rac1 c6 15. Be2 Be4 16. Nd2 Bd5 17. a3 b5 18. Qd1 Na6 19. Bf3 Rfc8 20. Ne4 Qg6 21. Nc5 Bxf3 22. Qxf3 b4 23. a4 Nc7 24. Qe4 Qf6 25. Nd7 Qd6 26. Qxc6 1-0

[Event "Titled Tuesday intern op 06th Feb Late"]
[Site "Chess.com INT"]
[Date "2024.02.06"]
[Round "7"]
[White "Melamed, Daniel"]
[Black "Zavgorodniy, Sergiy"]
[Result "0-1"]
[WhiteElo "2036"]
[BlackElo "2401"]
[PlyCount "104"]
[EventDate "2024.02.06"]
[EventType "swiss (blitz)"]
[EventRounds "11"]
[EventCountry "USA"]
[SourceTitle "CB07_2024"]
[SourceDate "2024.02.14"]
[SourceVersion "1"]
[SourceVersionDate "2024.02.14"]
[SourceQuality "1"]

1. d4 d5 2. Nf3 Nf6 3. Bf4 e6 4. e3 c5 5. c3 Bd6 6. Bg3 Qc7 7. Ne5 0-0 8. Bd3 b6 9. Nd2 Ba6 10. Bxa6 Nxa6 11. Qe2 Nb8 12. 0-0 Nc6 13. Nxc6 Qxc6 14. Nf3 Ne4 15. Ne5 Qc7 16. f4 f6 17. Nf3 Nxg3 18. hxg3 e5 19. Rad1 cxd4 20. cxd4 exf4 21. exf4 Rfe8 22. Qd3 Re4 23. Rc1 Qb7 24. Nd2 Re7 25. Rfe1 Rae8 26. Kf2 g6 27. Qb3 Kf7 28. a3 h5 29. Nf3 Kg7 30. Qb5 Kf7 31. Rxe7+ Rxe7 32. Qc6 Qxc6 33. Rxc6 Ke6 34. Ne5 g5 35. Nf3 Kd7 36. Rc2 gxf4 37. gxf4 Bxf4 38. b3 Re4 39. Re2 Rxe2+ 40. Kxe2 Ke6 41. Nh4 Bg5 42. Nf3 Kf5 43. Nd2 Bxd2 44. Kxd2 Kg4 45. Ke2 Kg3 46. Kf1 f5 47. b4 f4 48. a4 f3 49. Kg1 fxg2 50. a5 h4 51. axb6 h3 52. b7 h2# 0-1

[Event "Titled Tuesday intern op 23rd Jan Late"]
[Site "Chess.com INT"]
[Date "2024.01.23"]
[Round "5"]
[White "Andrews, Todd D"]
[Black "Melamed, Daniel"]
[Result "1-0"]
[WhiteElo "2133"]
[BlackElo "1988"]
[PlyCount "105"]
[EventDate "2024.01.23"]
[EventType "swiss (blitz)"]
[EventRounds "11"]
[EventCountry "USA"]
[SourceTitle "CB05_2024"]
[SourceDate "2024.01.31"]
[SourceVersion "1"]
[SourceVersionDate "2024.01.31"]
[SourceQuality "1"]

1. d4 Nf6 2. c4 e6 3. a3 d5 4. e3 Be7 5. Nf3 0-0 6. Nc3 c5 7. Bd3 Nc6 8. 0-0 dxc4 9. Bxc4 cxd4 10. exd4 b6 11. Bd3 Bb7 12. Bc2 Rc8 13. Qd3 g6 14. Bh6 Re8 15. Rfe1 Nd5 16. Rad1 Bf6 17. Ne4 Bg7 18. Bxg7 Kxg7 19. Neg5 Qf6 20. Bb3 Nf4 21. Qe3 Na5 22. Ba2 Nd5 23. Qd2 Nc4 24. Bxc4 Rxc4 25. Ne5 Rc7 26. Rc1 Rec8 27. Rxc7 Rxc7 28. Rc1 Qf5 29. g4 Rxc1+ 30. Qxc1 Qf4 31. Qxf4 Nxf4 32. Ngxf7 Ne2+ 33. Kf1 Nxd4 34. Nd6 Ba6+ 35. Kg2 Kf6 36. Nf3 e5 37. Ne4+ Ke7 38. Nxe5 Bb7 39. f3 Ke6 40. Nd3 h5 41. gxh5 gxh5 42. Kf2 Bxe4 43. fxe4 Nb3 44. Ke3 a5 45. Nf4+ Ke5 46. Nxh5 Nc5 47. Ng3 b5 48. h4 b4 49. axb4 axb4 50. h5 Nd7 51. Nf5 Nf6 52. h6 b3 53. Nd4 1-0

[Event "Titled Tuesday intern op 23rd Jan Late"]
[Site "Chess.com INT"]
[Date "2024.01.23"]
[Round "1"]
[White "Bjelobrk, Igor"]
[Black "Melamed, Daniel"]
[Result "1/2-1/2"]
[WhiteElo "2403"]
[BlackElo "1988"]
[PlyCount "80"]
[EventDate "2024.01.23"]
[EventType "swiss (blitz)"]
[EventRounds "11"]
[EventCountry "USA"]
[SourceTitle "CB05_2024"]
[SourceDate "2024.01.31"]
[SourceVersion "1"]
[SourceVersionDate "2024.01.31"]
[SourceQuality "1"]

1. d4 Nf6 2. c4 e6 3. g3 d5 4. Nf3 dxc4 5. Bg2 a6 6. 0-0 b5 7. Ne5 Nd5 8. a4 Bb7 9. axb5 axb5 10. Rxa8 Bxa8 11. e4 Nf6 12. Nc3 c6 13. d5 Be7 14. dxe6 fxe6 15. Qe2 0-0 16. Bh3 Qe8 17. Bxe6+ Kh8 18. Bh3 Bb7 19. Bf4 Nbd7 20. Nxd7 Nxd7 21. e5 Nc5 22. Ne4 Nd3 23. Qe3 Qg6 24. Bg5 Bb4 25. e6 h6 26. e7 Re8 27. Bh4 Bxe7 28. Bd7 Bxh4 29. Bxe8 Qxe8 30. gxh4 c5 31. f3 Qh5 32. b3 Ne5 33. bxc4 Nxc4 34. Qxc5 Qg6+ 35. Kh1 Bxe4 36. fxe4 Qxe4+ 37. Kg1 Qg6+ 38. Kh1 Qe4+ 39. Kg1 Qg4+ 40. Kh1 Qe4+ 1/2-1/2

[Event "Titled Tuesday intern op 23rd Jan Late"]
[Site "Chess.com INT"]
[Date "2024.01.23"]
[Round "4"]
[White "Ghosh, Chanchal Kumer"]
[Black "Melamed, Daniel"]
[Result "0-1"]
[WhiteElo "2026"]
[BlackElo "1988"]
[PlyCount "118"]
[EventDate "2024.01.23"]
[EventType "swiss (blitz)"]
[EventRounds "11"]
[EventCountry "USA"]
[SourceTitle "CB05_2024"]
[SourceDate "2024.01.31"]
[SourceVersion "1"]
[SourceVersionDate "2024.01.31"]
[SourceQuality "1"]

1. e4 c5 2. Nf3 e6 3. d4 cxd4 4. Nxd4 Nf6 5. Nc3 Nc6 6. Be3 Bb4 7. Bd3 d5 8. exd5 Nxd5 9. Nxc6 bxc6 10. Bd2 0-0 11. 0-0 Be7 12. a3 Rb8 13. b4 a5 14. bxa5 Bf6 15. Nxd5 Bxa1 16. Nc3 Bb2 17. Qh5 g6 18. Qe5 Ba6 19. Bh6 f6 20. Qxe6+ Kh8 21. Bxa6 Bxc3 22. Bxf8 Qxf8 23. Qxc6 Qxa3 24. Qc7 Rf8 25. Bc4 Qxa5 26. Qd7 Qc5 27. Bb3 Bd4 28. g3 Qa7 29. Qd5 Kg7 30. Kg2 Be5 31. Re1 h5 32. f4 Bc3 33. Re2 Qd4 34. Qxd4 Bxd4 35. Re7+ Kh6 36. Kf3 g5 37. Bc4 g4+ 38. Ke4 Bg1 39. Bd3 f5+ 40. Ke5 Bxh2 41. Bxf5 Rh8 42. Kf6 Bxg3 43. Rg7 Rf8+ 44. Rf7 Rxf7+ 45. Kxf7 Bxf4 46. c4 g3 47. Bh3 h4 48. c5 Kg5 49. c6 Bd6 50. Ke6 Bf4 51. Kd7 Kf6 52. c7 Bxc7 53. Kxc7 Ke5 54. Kc6 Kf4 55. Kd5 Kf3 56. Ke5 g2 57. Bxg2+ Kxg2 58. Kf4 h3 59. Kg4 h2 0-1

[Event "Titled Tuesday intern op 23rd Jan Late"]
[Site "Chess.com INT"]
[Date "2024.01.23"]
[Round "8"]
[White "Nilsen, Tobias Lang"]
[Black "Melamed, Daniel"]
[Result "1-0"]
[WhiteElo "2207"]
[BlackElo "1988"]
[PlyCount "63"]
[EventDate "2024.01.23"]
[EventType "swiss (blitz)"]
[EventRounds "11"]
[EventCountry "USA"]
[SourceTitle "CB05_2024"]
[SourceDate "2024.01.31"]
[SourceVersion "1"]
[SourceVersionDate "2024.01.31"]
[SourceQuality "1"]

1. e4 c5 2. Nf3 e6 3. d4 cxd4 4. Nxd4 Nf6 5. Nc3 Nc6 6. Ndb5 d6 7. Bf4 e5 8. Bg5 a6 9. Na3 b5 10. Bxf6 gxf6 11. Nd5 f5 12. Bd3 Be6 13. c3 Ra7 14. Nc2 Bg7 15. Nce3 f4 16. Nf5 Bxf5 17. exf5 Qg5 18. Qf3 Ne7 19. h4 Qh6 20. Nxe7 Kxe7 21. 0-0-0 Rd7 22. Be4 Qf6 23. Kb1 Rb8 24. g4 Bf8 25. g5 Qh8 26. f6+ Kd8 27. Bf5 Rc7 28. Rhe1 Ke8 29. Qxf4 h6 30. Rxe5+ dxe5 31. Qxe5+ Be7 32. Qxc7 1-0

[Event "Titled Tuesday intern op 23rd Jan Late"]
[Site "Chess.com INT"]
[Date "2024.01.23"]
[Round "11"]
[White "Pham, Le Thao Nguyen"]
[Black "Melamed, Daniel"]
[Result "1-0"]
[WhiteElo "2395"]
[BlackElo "1988"]
[PlyCount "123"]
[EventDate "2024.01.23"]
[EventType "swiss (blitz)"]
[EventRounds "11"]
[EventCountry "USA"]
[SourceTitle "CB05_2024"]
[SourceDate "2024.01.31"]
[SourceVersion "1"]
[SourceVersionDate "2024.01.31"]
[SourceQuality "1"]

1. d4 Nf6 2. c4 e6 3. Nf3 d5 4. Nc3 Bb4 5. Bg5 Nbd7 6. e3 c5 7. a3 Bxc3+ 8. bxc3 Qa5 9. Bxf6 Qxc3+ 10. Nd2 Nxf6 11. cxd5 cxd4 12. Bb5+ Bd7 13. Bxd7+ Nxd7 14. dxe6 fxe6 15. 0-0 0-0 16. Ne4 Qc4 17. Rc1 Qd5 18. Qxd4 Qxd4 19. exd4 Nf6 20. Nc5 b6 21. Nxe6 Rfc8 22. Nc7 Rab8 23. Rfd1 Rb7 24. Na6 Rxc1 25. Rxc1 Rd7 26. Rd1 Kf7 27. g3 Rd5 28. Nb4 Ra5 29. Rd3 Nd5 30. Nxd5 Rxd5 31. Kg2 b5 32. Kf3 a5 33. Ke4 Ke6 34. Rc3 Rh5 35. Rc6+ Kd7 36. Ra6 b4 37. axb4 axb4 38. Rb6 Rxh2 39. Kf3 g5 40. Rxb4 Kd6 41. Rb5 g4+ 42. Ke3 Rh6 43. Rg5 Re6+ 44. Kd3 Rf6 45. Ke2 Re6+ 46. Kd3 Rf6 47. Rxg4 Rxf2 48. Rh4 Rf3+ 49. Kc4 Rxg3 50. Rxh7 Rg6 51. Ra7 Rg1 52. Ra6+ Kd7 53. Kc5 Rc1+ 54. Kd5 Rg1 55. Ra7+ Kd8 56. Kc5 Rg5+ 57. d5 Rg1 58. Kc6 Rc1+ 59. Kd6 Ke8 60. Ra8+ Kf7 61. Kd7 Kf6 62. d6 1-0

[Event "Titled Tuesday intern op 16th Jan Late"]
[Site "Chess.com INT"]
[Date "2024.01.16"]
[Round "1"]
[White "Melamed, Daniel"]
[Black "Fromm, Marius"]
[Result "0-1"]
[WhiteElo "1988"]
[BlackElo "2435"]
[PlyCount "118"]
[EventDate "2024.01.16"]
[EventType "swiss (blitz)"]
[EventRounds "11"]
[EventCountry "USA"]
[SourceTitle "CB04_2024"]
[SourceDate "2023.10.16"]
[SourceVersion "1"]
[SourceVersionDate "2023.10.16"]
[SourceQuality "1"]

1. d4 Nf6 2. Nf3 e6 3. Bf4 c5 4. e3 cxd4 5. exd4 b6 6. c3 Be7 7. Nbd2 0-0 8. Bd3 Ba6 9. Qe2 Bxd3 10. Qxd3 d6 11. 0-0 Nbd7 12. Rfe1 a6 13. Rad1 b5 14. Nf1 Qc7 15. Qe2 Rfe8 16. Ng3 Rab8 17. a3 Qc4 18. h4 Qxe2 19. Rxe2 h6 20. h5 a5 21. Rde1 Bf8 22. Nd2 Rec8 23. Nge4 Nxe4 24. Rxe4 Nf6 25. R4e2 Nxh5 26. Bh2 Nf6 27. f3 Rb7 28. g4 Nd5 29. Kg2 Nb6 30. Ne4 d5 31. Nd6 Bxd6 32. Bxd6 Nc4 33. Bc5 Rc6 34. Kg3 Nd6 35. Kf4 Rd7 36. Rh1 Nb7 37. b4 f6 38. Rhe1 Kf7 39. Kg3 Nxc5 40. bxc5 Rb7 41. Rb1 Rc8 42. Reb2 Rcb8 43. a4 b4 44. cxb4 Rxb4 45. Rxb4 Rxb4 46. Rc1 Ke7 47. c6 Kd8 48. Rc5 Rxa4 49. Kf2 Kc7 50. Ke3 Ra3+ 51. Kf4 Rd3 52. Rxa5 Kxc6 53. Ra4 Rxd4+ 54. Rxd4 e5+ 55. Ke3 exd4+ 56. Kxd4 g5 57. Kd3 Kc5 58. Kc3 d4+ 59. Kd3 Kd5 0-1

[Event "Titled Tuesday intern op 16th Jan Late"]
[Site "Chess.com INT"]
[Date "2024.01.16"]
[Round "4"]
[White "Melamed, Daniel"]
[Black "Nilsen, Tobias Lang"]
[Result "0-1"]
[WhiteElo "1988"]
[BlackElo "2207"]
[PlyCount "76"]
[EventDate "2024.01.16"]
[EventType "swiss (blitz)"]
[EventRounds "11"]
[EventCountry "USA"]
[SourceTitle "CB04_2024"]
[SourceDate "2023.10.16"]
[SourceVersion "1"]
[SourceVersionDate "2023.10.16"]
[SourceQuality "1"]

1. d4 Nf6 2. Nf3 e6 3. Bf4 d5 4. e3 Bd6 5. Bg3 0-0 6. Bd3 c5 7. c3 Nc6 8. Nbd2 Qc7 9. dxc5 Bxg3 10. hxg3 e5 11. Be2 e4 12. Nd4 Ne5 13. b4 Bg4 14. 0-0 b6 15. Bxg4 Nfxg4 16. N2b3 Qd8 17. a4 Qf6 18. f3 Nxe3 19. Qe2 Nxf1 20. Rxf1 exf3 21. gxf3 Rfe8 22. Qd1 Qg5 23. Kg2 Nc4 24. Nc2 Rad8 25. Re1 h5 26. cxb6 axb6 27. Nbd4 h4 28. g4 Qf4 29. Rxe8+ Rxe8 30. Nf5 g6 31. Nxh4 Nb2 32. Qf1 Qd2+ 33. Kh3 Qxc2 34. Qb5 Qe2 35. Qd7 Nd3 36. Kg3 Qe1+ 37. Kh3 Nf4+ 38. Kh2 Re2+ 0-1

[Event "AUS-ch"]
[Site "Adelaide"]
[Date "2024.01.11"]
[Round "11"]
[White "Sardana, Rishi"]
[Black "Melamed, Daniel"]
[Result "1-0"]
[WhiteElo "2470"]
[BlackElo "1988"]
[PlyCount "61"]
[EventDate "2024.01.02"]
[EventType "swiss"]
[EventRounds "11"]
[EventCountry "AUS"]
[SourceTitle "CB03_2024"]
[SourceDate "2024.01.17"]
[SourceVersion "1"]
[SourceVersionDate "2024.01.17"]
[SourceQuality "1"]

1. d4 Nf6 2. c4 e6 3. Nf3 d5 4. Nc3 Bb4 5. Qa4+ Nc6 6. e3 0-0 7. Qc2 Re8 8. a3 Bf8 9. Bd2 e5 10. dxe5 Nxe5 11. cxd5 Nxd5 12. 0-0-0 Nf6 13. Nxe5 Rxe5 14. e4 Re8 15. Bg5 Bd7 16. Bc4 c6 17. Qb3 Qe7 18. e5 Qxe5 19. Bxf7+ Kh8 20. Bxf6 Qxf6 21. Bxe8 Qf4+ 22. Kb1 Bf5+ 23. Ka1 Rxe8 24. Qxb7 Rb8 25. Qxa7 Rb3 26. Rd8 Kg8 27. Qe7 Bg6 28. Rhd1 Rxc3 29. Rxf8+ Qxf8 30. Qxf8+ Kxf8 31. bxc3 1-0

[Event "AUS-ch"]
[Site "Adelaide"]
[Date "2024.01.08"]
[Round "8"]
[White "Melamed, Daniel"]
[Black "Asaka, Samuel"]
[Result "1/2-1/2"]
[WhiteElo "1988"]
[BlackElo "2125"]
[PlyCount "63"]
[EventDate "2024.01.02"]
[EventType "swiss"]
[EventRounds "11"]
[EventCountry "AUS"]
[SourceTitle "CB03_2024"]
[SourceDate "2024.01.17"]
[SourceVersion "1"]
[SourceVersionDate "2024.01.17"]
[SourceQuality "1"]

1. e4 c6 2. d4 d5 3. exd5 cxd5 4. Bd3 Nc6 5. c3 Qc7 6. Na3 a6 7. Nc2 e6 8. Qf3 Bd6 9. Ne2 Nge7 10. Bf4 0-0 11. Ne3 f6 12. Bxd6 Qxd6 13. Qg3 Qxg3 14. hxg3 h6 15. Nf4 g5 16. Nh5 f5 17. f3 Bd7 18. g4 f4 19. Nc2 Be8 20. Kd2 Bxh5 21. Rxh5 Kg7 22. Re1 Rf6 23. a4 Nc8 24. b4 a5 25. b5 Nd8 26. c4 dxc4 27. Bxc4 Nb6 28. Bb3 Rc8 29. Kd3 Nd5 30. Bxd5 exd5 31. Na3 Rf7 32. Re8 1/2-1/2

[Event "AUS-ch"]
[Site "Adelaide"]
[Date "2024.01.05"]
[Round "6"]
[White "Leong, Benjamin"]
[Black "Melamed, Daniel"]
[Result "0-1"]
[WhiteElo "1879"]
[BlackElo "1988"]
[PlyCount "94"]
[EventDate "2024.01.02"]
[EventType "swiss"]
[EventRounds "11"]
[EventCountry "AUS"]
[SourceTitle "CB03_2024"]
[SourceDate "2024.01.17"]
[SourceVersion "1"]
[SourceVersionDate "2024.01.17"]
[SourceQuality "1"]

1. e4 c5 2. Nc3 e6 3. f4 Nc6 4. Nf3 Nge7 5. d4 cxd4 6. Nxd4 d5 7. e5 Nxd4 8. Qxd4 Nf5 9. Qf2 Bd7 10. Bd3 g6 11. g4 Be7 12. Ne2 Nh4 13. Be3 Qa5+ 14. c3 Bb5 15. Bxb5+ Qxb5 16. 0-0-0 a5 17. Nd4 Qc4 18. Kb1 a4 19. f5 gxf5 20. gxf5 Nxf5 21. Nxf5 Qe4+ 22. Ka1 exf5 23. Rhf1 a3 24. b3 Rg8 25. Rd2 Rc8 26. Bd4 Rc6 27. Re2 Qg4 28. Qe1 Qh3 29. Qf2 Rcg6 30. Qf4 Rg2 31. Rxg2 Rxg2 32. Rf3 Qxh2 33. Qxh2 Rxh2 34. Kb1 Rh1+ 35. Kc2 Ra1 36. b4 Rxa2+ 37. Kb3 Rh2 38. Kxa3 b5 39. Rxf5 h5 40. Kb3 h4 41. Bc5 h3 42. Rh5 Rh1 43. e6 fxe6 44. Rh8+ Kd7 45. Rh7 h2 46. Rxe7+ Kd8 47. Kb2 Re1 0-1

[Event "AUS-ch"]
[Site "Adelaide"]
[Date "2024.01.05"]
[Round "5"]
[White "Melamed, Daniel"]
[Black "Lane, Gary William"]
[Result "0-1"]
[WhiteElo "1988"]
[BlackElo "2342"]
[PlyCount "78"]
[EventDate "2024.01.02"]
[EventType "swiss"]
[EventRounds "11"]
[EventCountry "AUS"]
[SourceTitle "CB03_2024"]
[SourceDate "2024.01.17"]
[SourceVersion "1"]
[SourceVersionDate "2024.01.17"]
[SourceQuality "1"]

1. d4 Nf6 2. Nf3 g6 3. Nc3 d5 4. Bf4 Bg7 5. e3 0-0 6. Be2 c5 7. Ne5 Nc6 8. Qd2 cxd4 9. exd4 Bf5 10. Nxc6 bxc6 11. h4 c5 12. dxc5 d4 13. Nb5 Ne4 14. Qb4 e5 15. Bg5 Nxg5 16. hxg5 Qxg5 17. Nd6 Bxc2 18. 0-0 e4 19. Qc4 Qd2 20. Rac1 d3 21. Bg4 Bxb2 22. Rce1 Be5 23. Rxe4 Qc3 24. Qxc3 Bxc3 25. Rc4 Be5 26. Bf3 Rad8 27. Ne4 Rd4 28. Nd2 Rc8 29. c6 Rxc4 30. Nxc4 Bb8 31. Ne3 Ba4 32. Nd5 Kf8 33. Nb4 d2 34. Rb1 Bd6 35. Nd5 Rxc6 36. Rf1 Rc1 37. Ne3 Bb5 38. Rd1 Bf4 39. Nd5 Bh6 0-1

[Event "AUS-ch"]
[Site "Adelaide"]
[Date "2024.01.03"]
[Round "2"]
[White "Rice, Leah"]
[Black "Melamed, Daniel"]
[Result "0-1"]
[WhiteElo "1525"]
[BlackElo "1988"]
[PlyCount "60"]
[EventDate "2024.01.02"]
[EventType "swiss"]
[EventRounds "11"]
[EventCountry "AUS"]
[SourceTitle "CB03_2024"]
[SourceDate "2024.01.17"]
[SourceVersion "1"]
[SourceVersionDate "2024.01.17"]
[SourceQuality "1"]

1. d4 d5 2. Nf3 Nf6 3. Bf4 e6 4. e3 Bd6 5. Bg3 c5 6. c3 Qc7 7. Bd3 Nbd7 8. Nbd2 0-0 9. 0-0 e5 10. dxe5 Nxe5 11. Nxe5 Bxe5 12. f4 Bd6 13. Bh4 Be7 14. Nf3 b6 15. Ne5 Bb7 16. Bf5 Rad8 17. Qa4 Rfe8 18. Rf3 d4 19. Rh3 g6 20. Qc2 dxe3 21. Rxe3 Nd5 22. Rg3 Bxh4 23. Rf3 Bf6 24. Ng4 Bg7 25. Bd3 Nxf4 26. Rxf4 Qxf4 27. h3 Qg3 28. Bc4 Re1+ 29. Rxe1 Qxe1+ 30. Bf1 Rd2 0-1

[Event "Gold Coast op"]
[Site "Gold Coast"]
[Date "2023.07.09"]
[Round "9"]
[White "Teh, Rui Gen"]
[Black "Melamed, Daniel"]
[Result "1-0"]
[WhiteElo "2040"]
[BlackElo "1984"]
[PlyCount "107"]
[EventDate "2023.07.05"]
[EventType "swiss"]
[EventRounds "9"]
[EventCountry "AUS"]
[SourceTitle "CBM 215 Extra"]
[Source "ChessBase"]
[SourceDate "2023.09.30"]
[SourceVersion "1"]
[SourceVersionDate "2023.09.30"]
[SourceQuality "1"]

1. e4 c5 2. Nc3 e6 3. Nge2 Nc6 4. g3 d5 5. exd5 exd5 6. d4 Nf6 7. Bg2 cxd4 8. Nxd4 Be7 9. 0-0 0-0 10. h3 h6 11. Be3 Be6 12. Re1 Qd7 13. g4 Rad8 14. f4 Qc7 15. Kh1 Nxd4 16. Qxd4 b6 17. f5 Bc5 18. Qd3 Bc8 19. Rad1 Bb7 20. Bd4 Bxd4 21. Qxd4 Rfe8 22. Bf3 Qg3 23. Rxe8+ Rxe8 24. Bg2 Re3 25. Rf1 Ne4 26. Nxe4 dxe4 27. Qd2 Ba6 28. Rf2 Rf3 29. Bxf3 Qxh3+ 30. Kg1 exf3 31. Qf4 Be2 32. g5 Qh5 33. gxh6 gxh6 34. Rh2 Qg5+ 35. Qxg5+ hxg5 36. f6 a5 37. Kf2 Bc4 38. Kxf3 Be6 39. Rh5 g4+ 40. Kf4 Bxa2 41. Kxg4 Bc4 42. Kf4 a4 43. Ke5 b5 44. Kd4 Be2 45. Rh2 Bf1 46. Kc5 Bc4 47. Kb4 Bf1 48. Rh5 Be2 49. Rxb5 Bxb5 50. Kxb5 Kh7 51. c4 Kg6 52. c5 Kxf6 53. c6 Ke7 54. Kb6 1-0

[Event "AUS-ch Major"]
[Site "Sydney"]
[Date "2020.01.09"]
[Round "7"]
[White "Melamed, Daniel"]
[Black "Xing, Zerui Ryan"]
[Result "1-0"]
[WhiteElo "1887"]
[BlackElo "1229"]
[PlyCount "161"]
[EventDate "2020.01.02"]
[EventType "swiss"]
[EventRounds "11"]
[EventCountry "AUS"]
[SourceTitle "EXT 2021"]
[Source "ChessBase"]
[SourceDate "2020.10.23"]
[SourceVersion "1"]
[SourceVersionDate "2020.10.23"]
[SourceQuality "1"]

1. e4 e6 2. d4 d5 3. e5 c5 4. c3 Nc6 5. Nf3 Qb6 6. Bd3 Bd7 7. 0-0 cxd4 8. cxd4 Nxd4 9. Nbd2 Bc5 10. Nxd4 Bxd4 11. Nf3 Ne7 12. Rb1 Nc6 13. Qe2 h6 14. b4 Ne7 15. Rd1 Bc3 16. Be3 d4 17. Nxd4 Nd5 18. Bc4 Nxe3 19. Qxe3 Bxd4 20. Qxd4 Qxd4 21. Rxd4 b5 22. Be2 a6 23. Bf3 Ra7 24. Rbd1 Ke7 25. Rc1 Rc8 26. Rxc8 Bxc8 27. Be4 Rc7 28. f4 Rc1+ 29. Kf2 Ra1 30. Rd2 Rc1 31. Rc2 Rxc2+ 32. Bxc2 Bb7 33. g3 Kd7 34. Ke3 Kc7 35. Kd4 Kb6 36. Bh7 Bc6 37. Bd3 g6 38. Be2 Bd5 39. a3 Bc6 40. g4 Bb7 41. h4 Bc6 42. h5 gxh5 43. gxh5 Bd5 44. Bg4 Kc6 45. f5 Kb6 46. f6 Kc6 47. Bd1 Bg2 48. Bc2 Kd7 49. Bd1 Kc6 50. a4 Kc7 51. axb5 axb5 52. Kc5 Bf1 53. Bf3 Bd3 54. Bc6 Be2 55. Bxb5 Bxh5 56. Bf1 Bg6 57. Bg2 h5 58. b5 h4 59. b6+ Kb8 60. Kd4 Bf5 61. Ke3 h3 62. Bh1 Bg4 63. Kf2 Bf5 64. Kg3 Kc8 65. Bc6 Kb8 66. Bf3 h2 67. Kxh2 Bg6 68. Kg3 Kc8 69. Kf4 Kd7 70. Kg5 Kc8 71. Bh5 Bh7 72. Bxf7 Kb7 73. Bxe6 Kxb6 74. f7 Kc6 75. f8Q Kb5 76. Qb8+ Ka4 77. Qa7+ Kb4 78. Qxh7 Ka3 79. Qb7 Ka4 80. Qb6 Ka3 81. Qb3# 1-0

[Event "AUS-ch Major"]
[Site "Sydney"]
[Date "2020.01.02"]
[Round "1"]
[White "Chen, Henry"]
[Black "Melamed, Daniel"]
[Result "0-1"]
[WhiteElo "1430"]
[BlackElo "1887"]
[PlyCount "56"]
[EventDate "2020.01.02"]
[EventType "swiss"]
[EventRounds "11"]
[EventCountry "AUS"]
[SourceTitle "EXT 2021"]
[Source "ChessBase"]
[SourceDate "2020.10.23"]
[SourceVersion "1"]
[SourceVersionDate "2020.10.23"]
[SourceQuality "1"]

1. e4 c5 2. Nf3 e6 3. d4 cxd4 4. Nxd4 Nf6 5. Bg5 Nc6 6. Nc3 Bb4 7. Nxc6 bxc6 8. e5 Qa5 9. exf6 Qxg5 10. fxg7 Qxg7 11. Qf3 Rg8 12. g3 Qe5+ 13. Be2 Ba6 14. Kf1 Bxe2+ 15. Nxe2 Qxb2 16. Kg2 Qxc2 17. Rhc1 Qf5 18. Qxf5 exf5 19. Nd4 f4 20. Rab1 a5 21. Rc4 fxg3 22. hxg3 Rg5 23. Nc2 Re5 24. Nxb4 axb4 25. Rcxb4 Rxa2 26. Rh4 h5 27. Rbh1 Rf5 28. Rf1 d5 0-1